000
00304nam a2200133Ia 4500
008
191201s2011 xx 000 0 und d
100
_a
POWELL,Thomas A
245
0
_a
Complete reference web design
250
_a
Rep
260
_c
2011
_b
TMH
_a
N. delhi
300
_a
898
650
_a
MCA
942
_2
ddc
_c
BB
999
_c
7525
_d
7525